000 00939nam a22002057a 4500
999 _c858
_d858
003 AR-CdUCM
008 190225b ||||| |||| 00| 0 spa d
040 _aMUNICIPALIDAD PROVINCIAL DEL CUSCO
_cBIBLIOTECA MUNICIPAL DEL CUSCO
082 _a331.11 /
_bO36
100 _aOficina internacional del trabajo
_93284
245 _aEl empleo como objetivo del desarrollo económico :
_bInforme de una reunión de expertos /
260 _aGinebra :
_bImprenta Atar;
_c1961.
300 _a299 paginas ;
_c24 cm.
505 _aLa estrategia de la política del empleo -- El problema del empleo en los países menos desarrollados -- Los objetivos en materia de empleo en la política de desarrollo -- La necesidad de un elevado nivel de intervenciones y la política general que exige ...
650 _aLa oferta
_93285
650 _aLa agricultura
_93286
650 _aLa inversión privada
_93287
942 _2ddc
_cLIBROS
945 _arum
_d2019-02-25